000 01406nam0a22002771 4500
001 rc\593428
005 20031121163305.1
035 _a(NLR Aleph) 005838385
090 _a5652717
_c5652717
100 _a20031121d1986 u |0rusy50 ca
101 0 _arus
102 _aRU
105 _aa |||||||||
200 1 _aФункциональная подсистема "Уровень жизни народа" АСПР Госплана Грузинской ССР
_f[Т.М. Алиев, Е.О. Бояджян, К.И. Шубладзе]
210 _aТбилиси
_cГрузНИИНТИ
_d1986
215 _a46 с.
_cсхем.
_d20
225 1 _aОбзорная информация
_hСерия 1
_iИнформационное обеспечение целевых комплексных научно-технических программ и программ по решению важнейших научно-технических проблем
_fГруз. НИИ НТИ и техн.-экон. исслед. ГКНТ ГССР
_vВып. 2
320 _aБиблиогр.: с. 41-45
700 1 _aАлиев
_bТ. М.
_gТофик Мамедович
701 1 _aБояджян
_bЕ. О.
_gЕрвинд Оникович
701 1 _aШубладзе
_bК. И.
_gКетевана Ивановна
801 0 _aRU
_bNLR
_gpsbo
801 1 _aRU
_bELAR
_2rusmarc
852 _aNLR
_jП1/459
942 _cBOOK
980 _aNB